Which Hogwarts House? (Clickable) Quiz Stats

Quiz Updated Oct 26, 2016

Challenge
Share
Tweet
Embed
Score 0/50 Timer 06:00
14 Plays Today
% Correct
Gryffindor
94.3%
Gryffindor
93.4%
Slytherin
93.4%
Gryffindor
92.9%
Gryffindor
91.5%
Slytherin
91.4%
Gryffindor
90.8%
Slytherin
90.2%
Gryffindor
89.7%
Slytherin
89.4%
Gryffindor
88.9%
Ravenclaw
88.2%
Gryffindor
86.7%
Slytherin
85.2%
Ravenclaw
84.9%
Slytherin
84.3%
Slytherin
83.6%
Gryffindor
83.2%
Slytherin
82.9%
Gryffindor
82.5%
Hufflepuff
81.3%
Hufflepuff
80.7%
Slytherin
80.1%
Slytherin
79.3%
Slytherin
78.6%
% Correct
Slytherin
78%
Hufflepuff
75.1%
Ravenclaw
74.7%
Slytherin
74.5%
Gryffindor
74.4%
Gryffindor
74.2%
Gryffindor
74.2%
Hufflepuff
72.5%
Gryffindor
67.8%
Hufflepuff
65.8%
Ravenclaw
65.4%
Hufflepuff
64.2%
Ravenclaw
63.7%
Slytherin
62.8%
Gryffindor
61.6%
Ravenclaw
58.1%
Slytherin
54.2%
Hufflepuff
53%
Hufflepuff
48.6%
Gryffindor
47.3%
Ravenclaw
46.5%
Ravenclaw
43.3%
Ravenclaw
41.4%
Ravenclaw
31.8%
Ravenclaw
21.4%

You're not logged in!

Compare scores with friends on all Sporcle quizzes.
Sign Up with Email
OR
Log In

You Might Also Like...

Show Comments

Extras

Top Quizzes Today


Score Distribution

Your Account Isn't Verified!

In order to create a playlist on Sporcle, you need to verify the email address you used during registration. Go to your Sporcle Settings to finish the process.